000 00875nam a2200253Ia 4500
003 OSt
005 20220923221104.0
006 a|||||r|||| 00| 0
007 ta
008 220922b |||||||| |||| 00| 0 hin d
024 _a194,889
037 _cTextual
040 _aARTS
_cARTS
_bhin
041 _2hin
_ahin
082 _aO152,3M80:g, J6;L9
100 _aवाजपेयी, नन्द दुलारें
245 0 _aप्रेमचन्द
_b साहित्यिक विवेचन
246 _aPremachanda: sāhityik vivechana
260 _aदिल्ली
_b मैकमिलन
_c1956
300 _a138पृ.
_ccm.
650 _aहिन्दी साहित्य
_9156264
942 _hO152,3M80:g, J6;L9
_cTEXL
_2CC
999 _c347152
_d347152